Routledge History of Literature in English (Record no. 9161)

MARC details
000 -LEADER
fixed length control field 00361nam a22001457a 4500
003 - CONTROL NUMBER IDENTIFIER
control field OSt
008 - FIXED-LENGTH DATA ELEMENTS--GENERAL INFORMATION
fixed length control field 201118b ||||| |||| 00| 0 eng d
100 ## - MAIN ENTRY--PERSONAL NAME
Personal name Corter, Ronald, Mcracjohn
245 ## - TITLE STATEMENT
Title Routledge History of Literature in English
250 ## - EDITION STATEMENT
Edition statement 3rd
260 ## - PUBLICATION, DISTRIBUTION, ETC. (IMPRINT)
Place of publication, distribution, etc N.D
Name of publisher, distributor, etc Routledge
Date of publication, distribution, etc 2020
300 ## - PHYSICAL DESCRIPTION
Extent 605
650 ## - SUBJECT ADDED ENTRY--TOPICAL TERM
Topical term or geographic name as entry element B.A.Hons English
942 ## - ADDED ENTRY ELEMENTS (KOHA)
Source of classification or shelving scheme Dewey Decimal Classification
Koha item type Text Books
942 ## - ADDED ENTRY ELEMENTS (KOHA)
-- 20
Holdings
Withdrawn status Lost status Source of classification or shelving scheme Damaged status Not for loan Collection code Home library Current library Date acquired Source of acquisition Currency Cost, normal purchase price Bill Number Total Checkouts Acc. no. / Barcode Date last seen Actual Cost, discounted price Bill Date Koha item type Date last borrowed
    Dewey Decimal Classification     B.A Hons. English PIET NCR College Library PIET NCR College Library 18/11/2020 Kirti Prakasan Indian Rup 795.00 IN258   N259 18/11/2020 596.25 18/11/2020 Reference Books  
    Dewey Decimal Classification     B.A Hons. English PIET NCR College Library PIET NCR College Library 18/11/2020 Kirti Prakasan Indian Rup 795.00 IN258 15 N260 16/08/2024 596.25 18/11/2020 Text Books 01/08/2024
    Dewey Decimal Classification     B.A Hons. English PIET NCR College Library PIET NCR College Library 18/11/2020 Kirti Prakasan Indian Rup 795.00 IN258 11 N261 18/03/2025 596.25 18/11/2020 Text Books 20/02/2025
    Dewey Decimal Classification     B.A Hons. English PIET NCR College Library PIET NCR College Library 18/11/2020 Kirti Prakasan Indian Rup 795.00 IN258 13 N262 11/03/2025 596.25 18/11/2020 Text Books 25/02/2025

Design & Developed by: PIET Central Library
R70 Miles Stone Pattikalyana Samalkha Panipat 132102
mail ID :- [email protected], Phone No:- 0180-2569700 Ex.216